书目信息 |
| 题名: |
手机摄影从入门到精通
|
|
| 作者: | 雷波 编著 ;FUN视觉 编著 | |
| 分册: | ||
| 出版信息: | 北京 化学工业出版社 2016.11 |
|
| 页数: | 224页 | |
| 开本: | 21cm | |
| 丛书名: | ||
| 单 册: | ||
| 中图分类: | J41 , TN929.53 | |
| 科图分类: | ||
| 主题词: | 移动电话机--Yi Dong Dian Hua Ji--摄影技术 | |
| 电子资源: | ||
| ISBN: | 978-7-122-28322-1 | |
| 000 | 00924nam0 2200265 45 | |
| 001 | 012001002052 | |
| 005 | 20131109160425.0 | |
| 010 | @a978-7-122-28322-1@dCNY39.00 | |
| 099 | @aCAL 012017003213 | |
| 100 | @a20170105d2017 em y0chiy50 ea | |
| 101 | 0 | @achi |
| 102 | @aCN@b110000 | |
| 105 | @aa z 000yy | |
| 106 | @ar | |
| 200 | 1 | @a手机摄影从入门到精通@AShou Ji She Ying Cong Ru Men Dao Jing Tong@fFUN视觉, 雷波编著 |
| 210 | @a北京@c化学工业出版社@d2016.11 | |
| 215 | @a224页@c彩图@d21cm | |
| 330 | @a本书专门针对使用手机摄影应该掌握的各种操作方法、摄影理论、后期处理APP进行了深入讲解。其中既包括确保照片清晰的小技巧,也有不少能够提高照片形式美感的摄影技法。 | |
| 606 | 0 | @a移动电话机@AYi Dong Dian Hua Ji@x摄影技术 |
| 690 | @aJ41@v4 | |
| 690 | @aTN929.53@v4 | |
| 701 | 1 | @a雷波@ALei Bo@4编著 |
| 711 | 02 | @aFUN视觉@AFun Shi Jue@4编著 |
| 801 | 0 | @aCN@b北京卓展@c20191020 |
| 905 | @b1199504-7@dJ41@e409@f4 | |
| 手机摄影从入门到精通/FUN视觉, 雷波编著.-北京:化学工业出版社,2016.11 |
| 224页:彩图;21cm |
| ISBN 978-7-122-28322-1:CNY39.00 |
| 本书专门针对使用手机摄影应该掌握的各种操作方法、摄影理论、后期处理APP进行了深入讲解。其中既包括确保照片清晰的小技巧,也有不少能够提高照片形式美感的摄影技法。 |
| ● |
| 相关链接 |
|
|
|
|
正题名:手机摄影从入门到精通
索取号:J41/409
 
预约/预借
| 序号 | 登录号 | 条形码 | 馆藏地/架位号 | 状态 | 备注 |
| 1 | 1199504 | 211995046 | 第一样本阅览室/ [索取号:J41/409] | 在馆 | |
| 2 | 1199505 | 211995055 | 第一借阅区/ [索取号:J41/409] | 在馆 | |
| 3 | 1199506 | 211995064 | 第一借阅区/ [索取号:J41/409] | 在馆 | |
| 4 | 1199507 | 211995073 | 第一借阅区/ [索取号:J41/409] | 在馆 |